| 000 | 00584pam a2200205 a 4500 | ||
|---|---|---|---|
| 020 | _c | ||
| 040 | _aMedical College Lib. | ||
| 041 |
_aENG _hENG |
||
| 082 |
_a616.330757 _bEIS |
||
| 100 | _aEisenberg, Ronald L. . | ||
| 245 |
_aGastrointestinal Radiology / _c _hTextual Documents |
||
| 250 |
_a3rd / _b. |
||
| 260 |
_a : _bLippincott - Raven , _c1996. |
||
| 300 |
_a253 ; _c |
||
| 365 | _a10714=45 | ||
| 653 |
_aRadiology _aMedical Science _aDigestive System _aRadiology _aMedical Science _a |
||
| 930 | _a4890 | ||
| 999 |
_c4889 _d4889 |
||